Gương Sáng Ngàn đời
Bewaard in:
| Hoofdauteur: | |
|---|---|
| Andere auteurs: | , |
| Formaat: | Boek |
| Taal: | English Vietnamese |
| Gepubliceerd in: |
Tp. Hồ Chí Minh
Trẻ
2001
|
| Onderwerpen: | |
| Tags: |
Voeg label toe
Geen labels, Wees de eerste die dit record labelt!
|
| Thư viện lưu trữ: | Trung tâm Học liệu Lê Vũ Hùng, Trường Đại học Đồng Tháp |
|---|
| LEADER | 00829pam a22002538a 4500 | ||
|---|---|---|---|
| 001 | 00041634 | ||
| 008 | 170505s1996 ||||||engsd | ||
| 005 | 20180618100623.0 | ||
| 020 | # | # | |c 29500 |
| 041 | 0 | # | |a vie |
| 082 | 0 | 4 | |a 895.922 09 |b G561S |
| 100 | 1 | # | |a Bảo, Định Giang |
| 245 | 1 | 0 | |c Bảo Định Giang; Huỳnh Lứa; Nguyễn Quảng Tuân |a Gương Sáng Ngàn đời |
| 260 | # | # | |c 2001 |a Tp. Hồ Chí Minh |b Trẻ |
| 300 | # | # | |a 289 tr. |c 21 cm. |
| 653 | # | # | |a Tác phẩm |
| 653 | # | # | |a tác giả |
| 653 | # | # | |a Văn học hiện đại |
| 653 | # | # | |a Văn học Việt Nam |
| 700 | 1 | # | |a Nguyễn, Quảng Tuân |
| 700 | 1 | # | |a Huỳnh, Lứa |
| 852 | # | # | |j KD.0023692 |j KM.0024947 |
| 910 | |d 18/06/2018 | ||
| 980 | # | # | |a Trung tâm Học liệu Lê Vũ Hùng, Trường Đại học Đồng Tháp |